LEADER 00864nam0-22003131i-450- 001 990002570590403321 035 $a000257059 035 $aFED01000257059 035 $a(Aleph)000257059FED01 035 $a000257059 100 $a20000920d1965----km-y0itay50------ba 101 0 $aENG 200 1 $a<>brief survey of modern algebra$fGarrett Birkhoff, Saunders Mac Lane. 205 $a2.ed. 210 $aNew York$cMacMillan$d1965. 215 $avii, 279 p.$d24 cm 610 0 $aInsiemi 610 0 $aStrutture algebriche 676 $a516 700 1$aBirkhoff,$bGarrett$f<1911-1996>$013068 702 1$aMac Lane,$bSaunders 801 0$aIT$bUNINA$gRICA$2UNIMARC 901 $aBK 912 $a990002570590403321 952 $aMXXV-A-61$b419$fMAS 959 $aMAS 996 $aBrief survey of modern algebra$9436402 997 $aUNINA DB $aING01 LEADER 03836nam 2200529 450 001 9910467338203321 005 20200923020339.0 010 $a3-11-053842-3 010 $a3-11-054045-2 024 7 $a10.1515/9783110540451 035 $a(CKB)4100000001040018 035 $a(MiAaPQ)EBC5123795 035 $a(DE-B1597)479552 035 $a(OCoLC)999366732 035 $a(DE-B1597)9783110540451 035 $a(Au-PeEL)EBL5123795 035 $a(CaPaEBR)ebr11466353 035 $a(EXLCZ)994100000001040018 100 $a20171212h20172017 uy 0 101 0 $ager 135 $aurcnu|||||||| 181 $2rdacontent 182 $2rdamedia 183 $2rdacarrier 200 10$aBedeutung und Gebrauch der deutschen Modalverben $eLexikalische Einheit als Basis kontextueller Vielheit /$fCarolin Baumann 210 1$aBerlin, [Germany] ;$aBoston, [Massachusetts] :$cDe Gruyter,$d2017. 210 4$d©2017 215 $a1 online resource (462 pages) $cillustrations 225 1 $aLinguistik - Impulse & Tendenzen,$x1612-8702 ;$vBand 72 311 $a3-11-053840-7 320 $aIncludes bibliographical references and index. 327 $tFrontmatter -- $tVorwort -- $tInhaltsverzeichnis -- $tTabellenverzeichnis -- $tAbbildungsverzeichnis -- $t1 Einleitung -- $t2 Modalverben und semantische Kategorisierung -- $t3 Das modale Szenario und andere Beschreibungsmodelle -- $t4 Die Modalverblexeme und ihre Lesarten im Einzelnen -- $t5 Exkurs: Diachrone Entfaltung des Wortfelds und Entstehung der Lesarten -- $t6 Modalverbformen und Bedeutung -- $t7 Syntaktische Einbettung des Modalverbs und Bedeutung -- $t8 Fazit -- $tLiteraturverzeichnis -- $tIndex 330 $aAn abstract juxtaposition of two intentional verbs, their internal directedness at the other, and the external relation between them become the framework conditions for the semantic substance that creates the German modal verbs. This study proposes the ?modal scenario? as a model to describe the meaning of will, should, must, etc., and verifies it using extensive corpus data. 330 $aDie Studie entwirft ein ?modales Szenario" als Modell zur Beschreibung einer einheitlichen lexikalischen Modalverbbedeutung und prüft es anhand umfangreicher Korpusdaten. Wollen, mögen, sollen, dürfen, müssen und können erscheinen darin als Ausdruck von Situationsbedingungen, angeordnet in einem abstrakten Gegenüber aufeinander gerichteter, d.h. intentionaler, Instanzen.Die charakteristische Lesartvielfalt, deren lexemspezifische Ausformung sowie ?idiosynkratische" Verwendungsweisen werden als systematischer Wechsel der Bezugsebene aufgrund lexikalisch angelegter Argumentforderungen einerseits und Interaktion mit strukturverwandten Zeichen andererseits erklärbar.?Grammatikalisierter" Bezug auf die aktuelle Kommunikationssituation entsteht, wo sich die nötigen intentionalen Referenten nicht im Dargestellten finden. Damit wechselt auch die Intentionalitätsform der Instanzen im ?modalen Szenario" ? von Wunsch und Absicht der Dargestellten zu Erfahrung, Urteil, Face der Kommunizierenden.Semantische Interaktion, v.a. mit Tempus und Modus, basiert auf verwandten Bedeutungsstrukturen. Der Konjunktiv wird in einer neuen Beschreibung als Ausdruck von ?Alterität? gefasst, das Präteritum bezeichnet ?Distanz?; beides sind Merkmale einer szenischen Struktur. 410 0$aLinguistik, Impulse & Tendenzen ;$vBand 72. 606 $aGerman language$xModality 608 $aElectronic books. 615 0$aGerman language$xModality. 676 $a435/.6 700 $aBaumann$b Carolin$01035875 801 0$bMiAaPQ 801 1$bMiAaPQ 801 2$bMiAaPQ 906 $aBOOK 912 $a9910467338203321 996 $aBedeutung und Gebrauch der deutschen Modalverben$92455812 997 $aUNINA LEADER 03546nam 2200733Ia 450 001 9910788424003321 005 20200520144314.0 010 $a1-283-43009-6 010 $a9786613430090 010 $a3-11-025341-0 024 7 $a10.1515/9783110253412 035 $a(CKB)3360000000338473 035 $a(EBL)799410 035 $a(OCoLC)793224268 035 $a(SSID)ssj0000621835 035 $a(PQKBManifestationID)11367286 035 $a(PQKBTitleCode)TC0000621835 035 $a(PQKBWorkID)10636279 035 $a(PQKB)11048498 035 $a(MiAaPQ)EBC799410 035 $a(WaSeSS)Ind00017801 035 $a(DE-B1597)123426 035 $a(OCoLC)948656098 035 $a(OCoLC)965696750 035 $a(DE-B1597)9783110253412 035 $a(Au-PeEL)EBL799410 035 $a(CaPaEBR)ebr10515778 035 $a(CaONFJC)MIL343009 035 $a(PPN)158192532 035 $a(EXLCZ)993360000000338473 100 $a20081121d2009 uy 0 101 0 $aeng 135 $aur|n|---||||| 181 $ctxt 182 $cc 183 $acr 200 00$aNew perspectives on historical Latin syntax$hVolume 4$iComplex sentences, grammaticalization, typology$b[electronic resource] /$fedited by Philip Baldi, Pierluigi Cuzzolin 210 $aBerlin ;$aNew York $cMouton de Gruyter$dc2009 215 $a1 online resource (960 p.) 225 1 $aTrends in linguistics. Studies and monographs,$x1861-4302 ;$v180.4 300 $aDescription based upon print version of record. 311 $a3-11-025340-2 320 $aIncludes bibliographical references and indexes. 327 $t Frontmatter -- $tAcknowledgments -- $tContents -- $tDetailed contents -- $tList of abbreviations -- $tEpilegomena / $rBaldi, Philip / Cuzzolin, Pierluigi -- $tAdverbial subordination: Introductory overview / $rCabrillana, Concepción -- $tPurpose and result clauses / $rCabrillana, Concepción -- $tConditionals and concessives / $rBertocchi, Alessandra / Maraldi, Mirka -- $tCausal clauses / $rBaños, José Miguel -- $tTemporal clauses / $rHeberlein, Fritz -- $tComparative clauses / $rTarriño, Eusebia -- $tRelative clauses / $rPompei, Anna -- $tComparative and superlative / $rCuzzolin, Pierluigi -- $tGrammaticalization in Latin / $rFruyt, Michèle -- $tSyntactic change in the history of Latin: Do new perspectives lead to new results? / $rBaldi, Philip / Cuzzolin, Pierluigi -- $tSubject index -- $tIndex of classical references 330 $aNew Perspectives on Historical Latin Syntax: Complex Sentences, Grammaticalization, Typology is the fourth in a set of four volumes dealing with the long-term evolution of Latin syntax, roughly from the 4th century BCE up to the 6th century CE. As in the other volumes, the non-technical style and extensive illustration with classical examples makes the content readable and immediately useful to the widest audience. 410 0$aTrends in linguistics.$pStudies and monographs ;$v180.1. 606 $aLatin language$xSyntax 606 $aClassical languages 610 $aHistorical Linguistics. 610 $aLatin/ Language. 610 $aSyntax. 615 0$aLatin language$xSyntax. 615 0$aClassical languages. 676 $a475 686 $aFN 4495$2rvk 701 $aBaldi$b Philip$0311561 701 $aCuzzolin$b Pierluigi$0164180 801 0$bMiAaPQ 801 1$bMiAaPQ 801 2$bMiAaPQ 906 $aBOOK 912 $a9910788424003321 996 $aNew perspectives on historical latin syntax$9854913 997 $aUNINA